| 000 | 00491 a2200181 4500 | ||
|---|---|---|---|
| 999 |
_c8963 _d8963 |
||
| 020 | _a9781444109184 | ||
| 050 | _aKD1949 TUR 2010 | ||
| 100 |
_aTurner, Chris _eauthor |
||
| 245 |
_aUnlocking torts / _cby Chris turner and Sue Hodge |
||
| 250 | _a3rd | ||
| 264 |
_aLondon: _bHodder Education, _c2010. |
||
| 300 | _a472p. : | ||
| 440 | _aUnlocking the law | ||
| 500 | _aIncludes glossary and index | ||
| 650 | _aTorts | ||
| 700 |
_aHodge, Sue _eauthor |
||
| 942 |
_2lcc _cBK _e3rd _h1949 _iTUR _kKD |
||